| 000 | 00674nam a2200217 a 4500 | ||
|---|---|---|---|
| 999 |
_c6863 _d6863 |
||
| 001 | 3228 | ||
| 003 | BD-DhUAP | ||
| 005 | 20210109143932.0 | ||
| 008 | 090621s1965 mau b 001 0 eng d | ||
| 040 |
_aBD-DhUAP _cBD-DhUAP _dBD-DhUAP _bEng |
||
| 082 | 0 | 0 |
_a711.4 SPR _223 |
| 100 | _aSpreiregen, Paul D. | ||
| 245 | 1 | 0 |
_aUrban design : _bthe architecture of towns and cities / _cPaul D. Spreiregen. |
| 260 |
_aNew York : _bMcGraw-hill, _cc1965. |
||
| 300 |
_axi, 243 pages. : _billustrations ; _c25 cm. |
||
| 504 | _aIncludes bibliography and index. | ||
| 650 | _aCity planning. | ||
| 942 |
_2ddc _cBK |
||